Identidad genérica y feminismo/
Na minha lista:
| Autor principal: | |
|---|---|
| Autor Corporativo: | |
| Formato: | Procedimiento de la Conferencia Livro |
| Idioma: | Spanish |
| Assuntos: | |
| Tags: |
Adicionar Tag
Sem tags, seja o primeiro a adicionar uma tag!
|
MARC
| LEADER | 00000nam a22000007a 4500 | ||
|---|---|---|---|
| 003 | cru CIDCACS/IIS | ||
| 005 | 20230707095503.0 | ||
| 008 | 230424b1993 mx ||||| |||| 00| 0 spa d | ||
| 040 | |c cru CIDCACS/IIS | ||
| 090 | |a 05.03.03 L173i | ||
| 100 | 1 | |9 11199 |a Lagarde, Marcela | |
| 111 | 1 | |9 11202 |a XIII Congreso Internacional de Ciencias Antropológicas y Etnológias |c Ciudad de México |d 04 de agosto de 1993 | |
| 245 | |a Identidad genérica y feminismo/ |c Marcela Lagarde | ||
| 300 | |a 27 páginas | ||
| 650 | 0 | |9 8567 |a IDENTIDAD SOCIAL | |
| 650 | 0 | |9 111 |a FEMINISMO | |
| 650 | 0 | |9 5348 |a SUBJETIVIDAD | |
| 650 | 0 | |9 5303 |a DIALECTICA | |
| 650 | 0 | |9 7299 |a PENSAMIENTO | |
| 942 | |2 z |c LITG | ||
| 999 | |c 44898 |d 44898 | ||
